000 00965nam a2200217Ii 4500
003 JO-AjNU
008 230605s9999||||xx |||||||||||||| ||und||
017 _a1993/2/162
040 _aJO-AjNU
_bara
_erda
_cJO-AjNU
041 _aara
050 1 4 _aKMM97.5.A44.F3788 1993
100 3 _a تأليف الفضل ، منذر ، م.مشارك الفتلاوي ، صاحب ,
_eauthor
_925009
245 0 0 _aشرح القانون المدني الأردني : العقود المسماة ، البيع والإيجار في ضوء الفقة الاسلامي والقوانين المدنية الوضعية وقانون المالكين والمستأجرين الأردني لسنة 1982
250 _a(د،ط)
264 3 1 _aعمان : دار الثقافة ، 1993
300 _a383ص
336 _atext
_btxt
_2rdacontent
337 _aunmediated
_bn
_2rdamedia
338 _avolume
_bnc
_2rdacarrier
650 4 _aالقانون المدني -- الأردن
_925010
999 _aA9298
_c12866
_d12866